| 000 | 01602nam1a2200349 i 4500 | ||
|---|---|---|---|
| 001 | RU\NLR\BIBL_A\011275854 | ||
| 005 | 20260407094226.0 | ||
| 035 | _a(NLR Aleph) 011275854 | ||
| 090 |
_a10846408 _c10846408 |
||
| 100 | _a20161031g20169999k y0rusy50 ca | ||
| 101 | 0 | _arus | |
| 102 | _aRU | ||
| 105 | _a z | ||
| 200 | 1 |
_aЭкология. Экономика. Информатика _dEcology. Economy. Informatics _eсборник статей _fРос. фонд фундам. исслед. [и др. _gредкол.: акад. Матишов Г.Г. (гл. ред.) и др.] _zeng |
|
| 210 |
_aРостов-на-Дону _cИзд-во ЮНЦ РАН _d2016 |
||
| 215 | _d24 | ||
| 300 | _aВ надзаг. также: Ин-т арид. зон, Юж. науч. центр Рос. акад. наук, Юж. федер. ун-т | ||
| 300 | _aНа обл.: ISSN 2500-395X | ||
| 510 | 1 |
_aEcology. Economy. Informatics _zeng |
|
| 517 | 1 | _aЭкономика | |
| 517 | 1 | _aИнформатика | |
| 606 |
_aЭкология _jСборники _9939347 _3RU\NLR\AUTH\6628592 |
||
| 606 |
_aЭкономика _jСборники _91414491 _3RU\NLR\AUTH\66284709 |
||
| 686 | 1 | _aЕ081я43 | |
| 686 | 1 | _aУ.я43 | |
| 702 | 1 |
_4340 _8rus _7ca _aМатишов _bГ. Г. _f1945- _gГеннадий Григорьевич _3RU\NLR\AUTH\7726470 _99509 |
|
| 712 | 0 | 2 |
_4570 _aРоссийский фонд фундаментальных исследований _3RU\NLR\AUTH\889918379 _9332884 |
| 852 |
_aNLR _j2016-7/5134 |
||
| 942 | _cBOOK | ||